| 000 | 00471nam a2200169 4500 | ||
|---|---|---|---|
| 001 | 125849 | ||
| 003 | ES-MaACL | ||
| 005 | 20230906192717.0 | ||
| 007 | t| | ||
| 008 | 070214s1972 sp r ||||1| spa d | ||
| 100 | 1 |
_aRay, Jean. _995616 |
|
| 245 | 1 | 3 |
_aLa banda de la araña / _cJean Ray ; traducción de Fermín Cabal. |
| 260 |
_aMadrid : _bJúcar, _c1972. |
||
| 300 |
_a120 p. ; _c18 cm. |
||
| 700 | 1 |
_aCabal, Fermín. _933059 |
|
| 852 |
_aES-MaACL _jC-45475 _bR.83650 |
||
| 999 |
_c125849 _d125849 |
||